000 00390nam a2200157Ia 4500
008 210210b2003 xxu||||| |||| 00| 0 eng d
082 _a001.4 MABM
100 _aMABRY (Hunter P).
245 _aManual for researachers and writers. ed. 2
250 _a
260 _aBangalore
_bSerampore College
_c2003
300 _a336
650 _aResearch
690 _aResearch
906 _a058871
999 _c106011
_d106011